<?xml version="1.0" encoding="UTF-8"?>
<collection xmlns="http://www.loc.gov/MARC21/slim">
 <record>
  <leader>01038nam a2200229 a 4500</leader>
  <controlfield tag="001">TVCDKTCT4685</controlfield>
  <controlfield tag="003">Thư viện trường Cao đẳng Kỹ thuật Cao Thắng</controlfield>
  <controlfield tag="005">20060404000000</controlfield>
  <controlfield tag="008">060404</controlfield>
  <datafield tag="980" ind1="\" ind2="\">
   <subfield code="a">Thư viện Trường CĐ Kỹ Thuật Cao Thắng</subfield>
  </datafield>
  <datafield tag="024" ind1=" " ind2=" ">
   <subfield code="a">RG_1 #1 eb0 i1</subfield>
  </datafield>
  <datafield tag="041" ind1="0" ind2="#">
   <subfield code="a">vie</subfield>
  </datafield>
  <datafield tag="082" ind1="#" ind2="#">
   <subfield code="a">389.633.72 / </subfield>
   <subfield code="b">T309C-c</subfield>
  </datafield>
  <datafield tag="100" ind1="1" ind2="#">
   <subfield code="a">Ban Kỹ thuật thực phẩm</subfield>
  </datafield>
  <datafield tag="245" ind1="0" ind2="0">
   <subfield code="a">Tiêu chuẩn Việt Nam : Chè, xác định các chỉ tiêu cảm quan bằng phương pháp cho điểm. TCVN 3128-1993 /</subfield>
   <subfield code="c">Ban Kỹ thuật thực phẩm</subfield>
  </datafield>
  <datafield tag="246" ind1="0" ind2="1">
   <subfield code="a">Tea, sensory analysis by presenting mark</subfield>
  </datafield>
  <datafield tag="250" ind1="#" ind2="#">
   <subfield code="a">In lần thứ 1</subfield>
  </datafield>
  <datafield tag="260" ind1="#" ind2="#">
   <subfield code="a">H. :</subfield>
   <subfield code="b">ADBS ,</subfield>
   <subfield code="c">1993</subfield>
  </datafield>
  <datafield tag="300" ind1="#" ind2="#">
   <subfield code="a">6tr. ;</subfield>
   <subfield code="c">21cm</subfield>
  </datafield>
  <datafield tag="520" ind1="#" ind2="#">
   <subfield code="a">Tiêu chuẩn này quy định phương pháp đánh giá các chỉ tiêu cảm quan của chè đen và chè xanh rời bằng phương pháp cảm quan cho điểm.</subfield>
  </datafield>
  <datafield tag="650" ind1="#" ind2="4">
   <subfield code="a">Tiêu chuẩn kỹ thuật</subfield>
  </datafield>
  <datafield tag="650" ind1="#" ind2="4">
   <subfield code="a">Cây chè</subfield>
  </datafield>
 </record>
</collection>
